Things That Are Red II Quiz Stats

 Plays Quiz Updated Apr 13, 2015

Challenge
Share
Tweet
Score 0/18 Timer 06:00
2 Plays Today
Hint Answer % Correct
Strawberries
99.6%
Cherries
99%
Red Wine
99%
Ketchup
98.8%
Lips
98.7%
Fire Truck
97.4%
Crab
97.4%
London Bus
96.6%
Parrot
96.2%
Hint Answer % Correct
Bricks
92.7%
Elmo
91.3%
Mars
87.8%
Coral
87.4%
Ruby Slippers
77%
Chinese Flag
74.4%
Red Panda
66.8%
Mountie
63.5%
Poppies
63.5%

You're not logged in!

Compare scores with friends on all Sporcle quizzes.
OR
Log In

You Might Also Like...

Show Comments

Extras

Top Quizzes Today


Score Distribution

Your Account Isn't Verified!

In order to create a playlist on Sporcle, you need to verify the email address you used during registration. Go to your Sporcle Settings to finish the process.

Report this User

Report this user for behavior that violates our Community Guidelines.

Details: